| 000 | 00540nam a2200193Ia 4500 | ||
|---|---|---|---|
| 005 | 20250923150154.0 | ||
| 008 | 008 250917s9999 xx 000 0 eng d | ||
| 037 | _aTextual | ||
| 040 |
_aDSWL _beng _cDSWL |
||
| 041 |
_aeng _2eng |
||
| 084 |
_aY:f, P03 _qDSWL |
||
| 100 |
_aYin, Robert K _9843021 |
||
| 245 | 0 |
_aCase study research _cby Robert K Yin |
|
| 260 |
_aThousand Oaks _b Sage Publications UK _c2003 |
||
| 365 |
_aINR _b1277 . 31 |
||
| 925 | _g1277 . 31 | ||
| 942 |
_cTEXL _hY:f, P03 |
||
| 999 |
_c1460383 _d1460383 |
||